What is the Level of Spatial Autocorrelation of the Green Economy? The Case Study of Voivodships in Poland

Cieľom štúdie je pochopiť, aké faktory ovplyvňujú rozvoj zelenej ekonomiky v rôznych poľských provinciách a ako tieto faktory môžu byť navzájom prepojené v priestorovom kontexte. Výber faktorov od roku 2010 do roku 2020 bol založený na dostupnosti záznamov poľského štatistického úradu.

Enregistré dans:
Détails bibliographiques
Auteur principal: Dziekanski, Pawel
Autres auteurs: Poplawski, Lukasz, Glova, Jozef
Format: Chapitre de livre
Langue:anglais
Sujets:
Tags: Ajouter un tag
Pas de tags, Soyez le premier à ajouter un tag!

MARC

LEADER 00000naa a2200000 4500
001 0311819
005 20250806102859.2
041 0 |a eng 
044 |a CZ 
245 1 0 |a What is the Level of Spatial Autocorrelation of the Green Economy? The Case Study of Voivodships in Poland  |c Pawel Dziekanski, Lukasz Poplawski, Jozef Glova 
520 |a Cieľom štúdie je pochopiť, aké faktory ovplyvňujú rozvoj zelenej ekonomiky v rôznych poľských provinciách a ako tieto faktory môžu byť navzájom prepojené v priestorovom kontexte. Výber faktorov od roku 2010 do roku 2020 bol založený na dostupnosti záznamov poľského štatistického úradu. 
610 2 0 |a ekonomika zelená 
610 2 0 |a ekonomika priestorová 
610 2 0 |a korelácia 
610 2 0 |a metódy štatistické 
610 2 0 |a regióny 
610 2 0 |a rozdiely regionálne 
100 1 |a Dziekanski, Pawel 
700 1 |a Poplawski, Lukasz 
700 1 |a Glova, Jozef